| 000 | 00420nam a2200181Ia 4500 | ||
|---|---|---|---|
| 003 | 0STCL | ||
| 008 | 150530s9999 xx 000 0 und d | ||
| 040 |
_aSTCL _cSTCL |
||
| 100 | _aBalakrishna Pillai, A. | ||
| 245 | _aNovel Prasthanagal | ||
| 250 | _a2 | ||
| 260 |
_bScholar books;Ernakulam _c1953 _aErnakulam |
||
| 300 | _a0 | ||
| 546 | _aMalayalam | ||
| 942 |
_2ddc _cBK |
||
| 999 |
_c80489 _d80489 |
||
| 005 | 20220125171740.0 | ||